الخيال من الكهف إلى الواقع الإفتراضي / (رقم التسجيلة. 13199)

تفاصيل مارك
000 -LEADER
fixed length control field 00641nam a22002057a 4500
005 - DATE AND TIME OF LATEST TRANSACTION
control field 20251108164735.0
008 - FIXED-LENGTH DATA ELEMENTS--GENERAL INFORMATION
fixed length control field 250721s2009 xx 000 0 ara d
082 14 - DEWEY DECIMAL CLASSIFICATION NUMBER
Classification number 153.2/عبد
100 1# - MAIN ENTRY--PERSONAL NAME
Personal name عبد الحميد، شاكر
Relator term مؤلف
245 10 - TITLE STATEMENT
Title الخيال من الكهف إلى الواقع الإفتراضي /
264 1# - PRODUCTION, PUBLICATION, DISTRIBUTION, MANUFACTURE, AND COPYRIGHT NOTICE
Place of production, publication, distribution, manufacture الصفاة :
Name of producer, publisher, distributor, manufacturer المجلس الوطني للثقافة و الفنون،
Date of production, publication, distribution, manufacture, or copyright notice 2009.
300 ## - PHYSICAL DESCRIPTION
Extent 519 ص.
490 0# - SERIES STATEMENT
Series statement عالم المعرفة
650 17 - SUBJECT ADDED ENTRY--TOPICAL TERM
Topical term or geographic name as entry element الخيال
650 17 - SUBJECT ADDED ENTRY--TOPICAL TERM
Topical term or geographic name as entry element التخيل
650 17 - SUBJECT ADDED ENTRY--TOPICAL TERM
Topical term or geographic name as entry element الاطفال
650 17 - SUBJECT ADDED ENTRY--TOPICAL TERM
Topical term or geographic name as entry element علم النفس
942 ## - ADDED ENTRY ELEMENTS (KOHA)
Source of classification or shelving scheme Dewey Decimal Classification
Koha item type كتب
المقتنيات
حالة السحب حالة الفقدان مصدر التصنيف حالة التلف غير قابل للإعارة المكتبة الرئيسية المكتبة الحالية موقع الرف تاريخ التزويد الرقم المتسلسل Total Checkouts رقم الإستدعاء تاريخ آخر ظهور تاريخ الفاتورة نوع المادة (كوها) الباركود
    Dewey Decimal Classification     المكتبة المركزية المكتبة المركزية مقتنيات قسم التزويد 28/07/2025 1268955   153.2/عبد 28/07/2025 28/07/2025 كتب  
    Dewey Decimal Classification     المكتبة المركزية المكتبة المركزية مقتنيات قسم التزويد 28/07/2025 1268957   153.2/عبد 28/07/2025 28/07/2025 كتب  
    Dewey Decimal Classification     المكتبة المركزية المكتبة المركزية مقتنيات قسم التزويد 28/07/2025 1268958   153.2/عبد 28/07/2025 28/07/2025 كتب  
    Dewey Decimal Classification     المكتبة المركزية المكتبة المركزية مقتنيات قسم التزويد 28/07/2025 1268959   153.2/عبد 28/07/2025 28/07/2025 كتب  
    Dewey Decimal Classification     المكتبة المركزية المكتبة المركزية مقتنيات قسم التزويد 28/07/2025 1488959   153.2/عبد 28/07/2025 28/07/2025 كتب  
    Dewey Decimal Classification     مكتبة أبو علندا العامة مكتبة أبو علندا العامة الإعارة 23/03/2009 1268960   153.2/عبد 28/07/2025 23/03/2009 كتب PLD00080521
    Dewey Decimal Classification     مكتبة أم قصير والمقابلين العامة مكتبة أم قصير والمقابلين العامة الإعارة 23/03/2009 1268967   153.2/عبد 28/07/2025 23/03/2009 كتب PLD00080528
    Dewey Decimal Classification     مكتبة الأميرة ايمان العامة مكتبة الأميرة ايمان العامة الإعارة 23/03/2009 1268961   153.2/عبد 28/07/2025 23/03/2009 كتب PLD00080522
    Dewey Decimal Classification     مكتبة الاميرة بديعة مكتبة الاميرة بديعة الإعارة 23/03/2009 1268962   153.2/عبد 28/07/2025 23/03/2009 كتب PLD00080523
    Dewey Decimal Classification     مكتبة الجويدة مكتبة الجويدة الإعارة 23/03/2009 1268963   153.2/عبد 28/07/2025 23/03/2009 كتب PLD00080524
    Dewey Decimal Classification   Not For Loan مكتبة منتدى الرواد مكتبة منتدى الرواد لا يعار 30/01/2012 1507978   153.2/عبد 28/07/2025 30/01/2012 كتب PLD00238152
    Dewey Decimal Classification     مكتبة وادي السير العامة مكتبة وادي السير العامة الإعارة 23/03/2009 1268973   153.2/عبد 28/07/2025 23/03/2009 كتب PLD00080534
    Dewey Decimal Classification     مكتبة ومركز فرح مكتبة ومركز فرح الإعارة 18/05/2009 1278440   153.2/عبد 28/07/2025 18/05/2009 كتب PLD00092627
Implemented & Customized by: BBB with SCIT (Smart Chains for Information Technology)

Powered by Koha